Представление документа в формате RUSMARC

ПолеНазваниеЗначение
  Тип записи a
  Библиографический уровень m
001 Контрольный номер 56dd1f9838a74a07acf212fdd04a9859
005 Дата корректировки 20140927030422.7
010 Индекс ISBN __
a ISBN 978-5-406-00903-1
101 Язык документа 0_
a Язык текста rus
102 Страна публикации __
a Страна публикации RU
200 Заглавие и сведения об ответственности 1_
a Заглавие Управление персоналом организации
b Общее обозначение материала Текст
e Сведения, относящиеся к заглавию учебник
f Первые сведения об ответственности Н. В. Фёдорова, О. Ю. Минченкова
210 Выходные данные 1_
a Место издания М.
c Издательство КноРус
d Дата издания 2011
215 Физическое описание __
a Объем 536 с.
610 Ключевые слова 0_
a Ключевые слова управление персоналом
a Ключевые слова формирование персонала организации
a Ключевые слова методы управления персоналом
a Ключевые слова использование персонала организации
a Ключевые слова развитие персонала организации
686 Индексы других классификаций __
a Классификационный индекс 65.050.9(2)я73
700 Автор _1
a Фамилия Фёдорова
b Имя Н. В.
801 Источник записи _0
a Страна RU
b Организация РУК
g Правила каталогизации PSBO
801 Источник записи _1
a Страна RU
b Организация РУК
g Правила каталогизации PSBO
852 Данные о местонахождении __
i Авторский знак Ф 32
j Шифр хранения ББК 65.050.1
901 Тип документа __
t Тип документа m
937 Технологическая информация __
a Создатель записи (имя) Сюбаева
938 Служебная информация __
a Название организации Камчатский филиал
938 Служебная информация __
a Название организации Дальневосточный филиал
952 Тип литературы __
c Вид литературы учебник
952 Тип литературы __
b Гриф литературы для ВШ гриф УМО